[Event "Titled Tuesday intern op 30th Jan Late"]
[Site "Chess.com INT"]
[Date "2024.01.30"]
[Round "5"]
[White "Aliakbarov, Anar Samir Oglu"]
[Black "Sjugirov, Sanan"]
[Result "0-1"]
[WhiteElo "2154"]
[BlackElo "2695"]
[PlyCount "82"]
[EventDate "2024.01.30"]
[EventType "swiss (blitz)"]
[EventRounds "11"]
[EventCountry "USA"]
[SourceTitle "EXT 2025"]
[Source "ChessBase"]
[SourceDate "2024.10.14"]
[SourceVersion "1"]
[SourceVersionDate "2024.10.14"]
[SourceQuality "1"]

1. d4 Nf6 2. c4 g6 3. Nc3 Bg7 4. e4 d6 5. Nf3 0-0 6. Be2 e5 7. 0-0 Bg4 8. dxe5 Bxf3 9. exf6 Bxe2 10. Qxe2 Bxf6 11. Bh6 Re8 12. Nd5 Bh8 13. Rad1 Nd7 14. f4 c6 15. Nc3 Qe7 16. Bg5 Bf6 17. Bxf6 Nxf6 18. Rfe1 Rad8 19. h3 Nd7 20. b4 a5 21. a3 axb4 22. axb4 Nf8 23. b5 Ne6 24. bxc6 bxc6 25. Qf2 Qf6 26. e5 dxe5 27. Rxd8 Rxd8 28. fxe5 Qxf2+ 29. Kxf2 Nc5 30. Rd1 Rxd1 31. Nxd1 Nd3+ 32. Ke3 Nxe5 33. Kd4 f6 34. Kc5 Kf7 35. Ne3 Ke6 36. Kb6 f5 37. c5 f4 38. Nc2 g5 39. Nd4+ Kd5 40. Nb3 Nd7+ 41. Kc7 Nxc5 0-1

[Event "Titled Tuesday intern op 30th Jan Late"]
[Site "Chess.com INT"]
[Date "2024.01.30"]
[Round "4"]
[White "Dinu, Dumitru Daniel"]
[Black "Aliakbarov, Anar Samir Oglu"]
[Result "0-1"]
[WhiteElo "2190"]
[BlackElo "2154"]
[PlyCount "104"]
[EventDate "2024.01.30"]
[EventType "swiss (blitz)"]
[EventRounds "11"]
[EventCountry "USA"]
[SourceTitle "EXT 2025"]
[Source "ChessBase"]
[SourceDate "2024.10.14"]
[SourceVersion "1"]
[SourceVersionDate "2024.10.14"]
[SourceQuality "1"]

1. e4 e5 2. Nf3 Nc6 3. Nc3 Nf6 4. d4 exd4 5. Nxd4 Bb4 6. Nxc6 bxc6 7. Bd3 d5 8. Bd2 0-0 9. 0-0 Re8 10. Re1 Bg4 11. Qc1 Bh5 12. exd5 cxd5 13. a3 Bd6 14. Rxe8+ Qxe8 15. Bf4 Rd8 16. Bxd6 Rxd6 17. Nb5 Rb6 18. Qe1 Qd7 19. Qe5 Rxb5 20. Bxb5 Qxb5 21. Qxc7 h6 22. b3 Bg6 23. Re1 a5 24. h3 Be4 25. c4 Qxb3 26. cxd5 Qxd5 27. f3 Bg6 28. Rc1 Kh7 29. Qc5 Qd2 30. Rf1 a4 31. Rf2 Qd1+ 32. Kh2 Qd5 33. Qb4 Qe5+ 34. f4 Qe4 35. Qd6 Qd3 36. Qe5 Bf5 37. Rf3 Qe4 38. Qc7 Qe6 39. Qa5 Be4 40. Re3 Qc4 41. Qe5 Bd5 42. Rc3 Qe4 43. Rg3 Qxe5 44. fxe5 Ne4 45. Rd3 Bb3 46. Rd4 Ng5 47. h4 Ne6 48. Rb4 h5 49. Kg3 Kg6 50. Rb5 Kf5 51. Rb7 Nd4 52. Re7 Be6 0-1

[Event "Titled Tuesday intern op 09th Jan Late"]
[Site "Chess.com INT"]
[Date "2024.01.09"]
[Round "2"]
[White "Aliakbarov, Anar Samir Oglu"]
[Black "Filipovic, Slobodan J"]
[Result "1-0"]
[WhiteElo "2154"]
[BlackElo "2191"]
[PlyCount "81"]
[EventDate "2024.01.09"]
[EventType "swiss (blitz)"]
[EventRounds "11"]
[EventCountry "USA"]
[SourceTitle "EXT 2025"]
[Source "ChessBase"]
[SourceDate "2024.10.14"]
[SourceVersion "1"]
[SourceVersionDate "2024.10.14"]
[SourceQuality "1"]

1. d4 Nf6 2. c4 e6 3. Nf3 c5 4. d5 d6 5. g3 exd5 6. cxd5 g6 7. Bg2 Bg7 8. Nc3 0-0 9. 0-0 Re8 10. Nd2 h6 11. h3 g5 12. Nc4 a6 13. a4 Bf5 14. Qb3 Qc7 15. Re1 Nbd7 16. e4 Bg6 17. f4 Nxe4 18. Nxe4 f5 19. Ncxd6 fxe4 20. Nxe8 Rxe8 21. fxg5 Bd4+ 22. Kh2 Qd6 23. Bf4 Ne5 24. Bxe4 c4 25. Qc2 Nf3+ 26. Bxf3 Rxe1 27. Rxe1 Bxc2 28. Bxd6 Bxb2 29. Be5 c3 30. d6 Bxa4 31. Bd5+ Kh7 32. Re3 hxg5 33. Bxc3 Bc1 34. Re7+ Kg6 35. d7 Bxd7 36. Rxd7 Kf5 37. Rxb7 Be3 38. Rf7+ Kg6 39. Rf6+ Kh5 40. g4+ Kh4 41. Rh6# 1-0

[Event "Titled Tuesday intern op 09th Jan Late"]
[Site "Chess.com INT"]
[Date "2024.01.09"]
[Round "3"]
[White "Yushko, Olga"]
[Black "Aliakbarov, Anar Samir Oglu"]
[Result "0-1"]
[WhiteElo "2064"]
[BlackElo "2154"]
[PlyCount "50"]
[EventDate "2024.01.09"]
[EventType "swiss (blitz)"]
[EventRounds "11"]
[EventCountry "USA"]
[SourceTitle "EXT 2025"]
[Source "ChessBase"]
[SourceDate "2024.10.14"]
[SourceVersion "1"]
[SourceVersionDate "2024.10.14"]
[SourceQuality "1"]

1. d4 Nf6 2. c4 g6 3. Nc3 Bg7 4. Nf3 0-0 5. Bg5 d6 6. e3 c5 7. Be2 Nc6 8. 0-0 h6 9. Bh4 g5 10. Bg3 Nh5 11. dxc5 Nxg3 12. hxg3 dxc5 13. Qc2 Be6 14. Rfd1 Qa5 15. Nd5 Rfe8 16. Qe4 Rad8 17. Bd3 Nb4 18. Nxb4 Qxb4 19. a3 Qb3 20. Be2 b6 21. Rab1 Rxd1+ 22. Bxd1 Qxc4 23. Bc2 Qxe4 24. Bxe4 Rd8 25. Kf1 Ba2 0-1

[Event "Titled Tuesday intern op 26th Dec Late"]
[Site "Chess.com INT"]
[Date "2023.12.26"]
[Round "4"]
[White "Aliakbarov, Anar Samir Oglu"]
[Black "Santos, Rafael Ventura Dos"]
[Result "0-1"]
[WhiteElo "2154"]
[BlackElo "2145"]
[PlyCount "100"]
[EventDate "2023.12.26"]
[EventType "swiss (blitz)"]
[EventRounds "11"]
[EventCountry "USA"]
[SourceTitle "EXT 2025"]
[Source "ChessBase"]
[SourceDate "2024.10.14"]
[SourceVersion "1"]
[SourceVersionDate "2024.10.14"]
[SourceQuality "1"]

1. e4 c5 2. Nf3 d6 3. d4 cxd4 4. Nxd4 Nf6 5. Nc3 a6 6. h3 e5 7. Nde2 h5 8. g3 Be6 9. Bg2 Nbd7 10. Nd5 Nxd5 11. exd5 Bf5 12. Be3 Be7 13. f4 Rc8 14. c3 Nf6 15. 0-0 Qd7 16. fxe5 dxe5 17. d6 Bd8 18. Kh2 Be6 19. b3 0-0 20. c4 h4 21. c5 hxg3+ 22. Nxg3 Nh7 23. Bd5 Bh4 24. Bxe6 Bxg3+ 25. Kxg3 Qxe6 26. Kh2 f5 27. Rg1 f4 28. Bf2 Rf5 29. Qg4 Qd7 30. Rad1 Nf6 31. Qg6 Rh5 32. h4 Rf8 33. Rg2 e4 34. Bd4 Rxh4+ 35. Kg1 f3 36. Bxf6 fxg2 37. Bxh4 Qh3 38. Qxg2 Qxh4 39. d7 Rd8 40. b4 Qe7 41. Qg4 e3 42. Kf1 Rf8+ 43. Ke1 Qf6 44. Qc4+ Kh8 45. Rd4 Qf2+ 46. Kd1 e2+ 47. Kc2 e1Q+ 48. Kb3 Qb1+ 49. Ka4 Qxd4 50. Qxd4 Qxa2# 0-1

[Event "Titled Tuesday intern op 26th Dec Late"]
[Site "Chess.com INT"]
[Date "2023.12.26"]
[Round "1"]
[White "Palmer, Reegan"]
[Black "Aliakbarov, Anar Samir Oglu"]
[Result "1-0"]
[WhiteElo "1860"]
[BlackElo "2154"]
[PlyCount "165"]
[EventDate "2023.12.26"]
[EventType "swiss (blitz)"]
[EventRounds "11"]
[EventCountry "USA"]
[SourceTitle "EXT 2025"]
[Source "ChessBase"]
[SourceDate "2024.10.14"]
[SourceVersion "1"]
[SourceVersionDate "2024.10.14"]
[SourceQuality "1"]

1. e4 e5 2. Nf3 Nc6 3. Bb5 a6 4. Ba4 Nf6 5. 0-0 Be7 6. d3 b5 7. Bb3 0-0 8. c3 d6 9. a4 Rb8 10. h3 h6 11. Be3 Be6 12. Bxe6 fxe6 13. axb5 axb5 14. d4 Nxe4 15. d5 Qd7 16. dxc6 Qxc6 17. Nbd2 Nf6 18. Qe2 b4 19. Nh4 Qe8 20. Ra7 Bd8 21. c4 Nd7 22. Qg4 Nf6 23. Qg6 Qxg6 24. Nxg6 Re8 25. c5 Kf7 26. cxd6 Kxg6 27. dxc7 Bxc7 28. Rxc7 Nd5 29. Rcc1 Ra8 30. Ne4 Ra2 31. b3 Rb2 32. Rb1 Rc2 33. Rfc1 Ra2 34. Ra1 Rb2 35. Rcb1 Rc2 36. Kf1 Rf8 37. Kg1 Rfc8 38. Rc1 Kf5 39. Rxc2 Rxc2 40. Ng3+ Kg6 41. Re1 Nc3 42. Bc5 Na2 43. Bd6 e4 44. Nxe4 Rb2 45. Nc5 Rc2 46. Rxe6+ Kf7 47. Re7+ Kf6 48. Ne4+ Kf5 49. f3 Kg6 50. Re6+ Kh7 51. Re7 Rc1+ 52. Kh2 Kg6 53. Re6+ Kf7 54. Re7+ Kg6 55. Rb7 Rb1 56. Bxb4 Rxb3 57. Rb6+ Kh7 58. Bc5 Rd3 59. Rd6 Rc3 60. Rd7 Rc4 61. Bf8 Kg6 62. Rxg7+ Kf5 63. Rf7+ Ke6 64. Rf6+ Ke5 65. Bd6+ Kd5 66. Rf5+ Ke6 67. Re5+ Kf7 68. Re7+ Kg6 69. h4 Rc2 70. Kg3 Nc1 71. Kg4 h5+ 72. Kf4 Ne2+ 73. Ke3 Nc1 74. f4 Rxg2 75. Ng5 Re2+ 76. Kf3 Rd2 77. Re6+ Kf5 78. Re5+ Kg6 79. Be7 Rd4 80. Re6+ Kg7 81. Bf6+ Kg6 82. Bxd4+ Kf5 83. Rf6# 1-0

[Event "Titled Tuesday intern op 27th Sep Early"]
[Site "Chess.com INT"]
[Date "2022.09.27"]
[Round "7"]
[White "Aliakbarov, Anar Samir Oglu"]
[Black "Ozen, Bahadir"]
[Result "1/2-1/2"]
[WhiteElo "2152"]
[BlackElo "2369"]
[PlyCount "86"]
[EventDate "2022.09.27"]
[EventType "swiss (blitz)"]
[EventRounds "11"]
[EventCountry "USA"]
[SourceTitle "CBM 210 Extra"]
[Source "ChessBase"]
[SourceDate "2022.11.30"]
[SourceVersion "1"]
[SourceVersionDate "2022.11.30"]
[SourceQuality "1"]

1. d4 g6 2. c4 Bg7 3. Nf3 d6 4. e4 e5 5. Be2 exd4 6. Nxd4 Nc6 7. Nxc6 bxc6 8. 0-0 Ne7 9. Nc3 0-0 10. Be3 c5 11. f4 Rb8 12. Rb1 f5 13. e5 a6 14. Bf3 Be6 15. Nd5 Bxd5 16. Bxd5+ Kh8 17. b3 Nxd5 18. Qxd5 dxe5 19. fxe5 Qxd5 20. cxd5 Bxe5 21. Bxc5 Rfd8 22. Rfe1 Bg7 23. Rbd1 Rd7 24. Re6 a5 25. Ra6 Bc3 26. Rd3 Bb4 27. Bxb4 axb4 28. Ra7 Rbd8 29. h3 Rxd5 30. Rxd5 Rxd5 31. Rxc7 Rd2 32. Ra7 f4 33. h4 h6 34. Kh2 f3 35. Kg1 Rxg2+ 36. Kf1 g5 37. hxg5 hxg5 38. Ra4 g4 39. Rxb4 Kh7 40. a4 Rb2 41. Rxg4 Rxb3 42. Rg3 Ra3 43. Kf2 Rxa4 1/2-1/2

[Event "EU-ch Online U2300 Final"]
[Site "Chess.com INT"]
[Date "2020.05.26"]
[Round "6"]
[White "Aliakbarov, Anar Samir Oglu"]
[Black "Baranow, Sergey"]
[Result "1-0"]
[WhiteElo "2219"]
[BlackElo "2192"]
[PlyCount "61"]
[EventDate "2020.05.26"]
[EventType "swiss"]
[EventRounds "8"]
[EventCountry "NET"]
[SourceTitle "CBM 196 Extra"]
[Source "ChessBase"]
[SourceDate "2020.07.31"]
[SourceVersion "1"]
[SourceVersionDate "2020.07.31"]
[SourceQuality "1"]

1. d4 d5 2. c4 e6 3. cxd5 exd5 4. Nc3 Nf6 5. Bg5 Be7 6. e3 0-0 7. Bd3 h6 8. Bh4 c6 9. Qc2 Be6 10. Nge2 Nbd7 11. 0-0 c5 12. Rad1 Rc8 13. Nf4 cxd4 14. Nxe6 fxe6 15. exd4 Qb6 16. Rfe1 Bb4 17. Qe2 Rce8 18. Bg6 Re7 19. h3 Qa5 20. Bg3 Rc8 21. Rc1 Bxc3 22. Bd6 Rc6 23. Bxe7 Bxe1 24. Qxe6+ Kh8 25. Rxc6 bxc6 26. Bxf6 Nxf6 27. Qc8+ Ng8 28. Bf7 Bxf2+ 29. Kh2 Bg3+ 30. Kxg3 Qe1+ 31. Kh2 1-0

[Event "EU-ch Online U2300 Final"]
[Site "Chess.com INT"]
[Date "2020.05.26"]
[Round "3"]
[White "Klimkowski, Jan"]
[Black "Aliakbarov, Anar Samir Oglu"]
[Result "1-0"]
[WhiteElo "2193"]
[BlackElo "2219"]
[PlyCount "67"]
[EventDate "2020.05.26"]
[EventType "swiss"]
[EventRounds "8"]
[EventCountry "NET"]
[SourceTitle "CBM 196 Extra"]
[Source "ChessBase"]
[SourceDate "2020.07.31"]
[SourceVersion "1"]
[SourceVersionDate "2020.07.31"]
[SourceQuality "1"]

1. e4 e5 2. Nf3 Nc6 3. Bb5 a6 4. Ba4 Nf6 5. 0-0 Be7 6. Re1 b5 7. Bb3 d6 8. c3 0-0 9. h3 Na5 10. Bc2 c5 11. d4 Qc7 12. Nbd2 cxd4 13. cxd4 Bb7 14. Nf1 Rac8 15. Bb1 d5 16. dxe5 Nxe4 17. N1d2 Rfd8 18. Nb3 Nc4 19. Nbd4 Nxe5 20. Nxe5 Qxe5 21. Be3 Bf6 22. Bd3 Qb8 23. Qf3 Re8 24. Rad1 Be5 25. Nf5 Bxb2 26. Qg4 Kh8 27. f3 Nd6 28. Bf4 Qa7+ 29. Kh1 Nc4 30. Nxg7 Bxg7 31. Qf5 Kg8 32. Qxh7+ Kf8 33. Bh6 Qd4 34. Qh8# 1-0

[Event "EU-ch Online U2300 Qual"]
[Site "Chess.com INT"]
[Date "2020.05.25"]
[Round "2"]
[White "Aliakbarov, Anar Samir Oglu"]
[Black "Blum, Frederik"]
[Result "1-0"]
[WhiteElo "2219"]
[BlackElo "2061"]
[PlyCount "59"]
[EventDate "2020.05.25"]
[EventType "swiss"]
[EventRounds "8"]
[EventCountry "NET"]
[SourceTitle "EXT 2021"]
[Source "ChessBase"]
[SourceDate "2020.10.23"]
[SourceVersion "1"]
[SourceVersionDate "2020.10.23"]
[SourceQuality "1"]

1. d4 Nf6 2. c4 g6 3. Nc3 d5 4. cxd5 Nxd5 5. e4 Nxc3 6. bxc3 Bg7 7. Nf3 0-0 8. Be2 c5 9. 0-0 Nc6 10. Be3 Qa5 11. d5 Rd8 12. Qc2 Ne5 13. Nxe5 Bxe5 14. Rab1 b6 15. Rfc1 Ba6 16. c4 Bd4 17. Bxd4 cxd4 18. e5 Rac8 19. Qe4 Qc5 20. a4 Bb7 21. Qf4 Ba6 22. h4 e6 23. d6 Bb7 24. h5 Qa5 25. h6 f5 26. Rb5 Qxa4 27. Qg5 Rd7 28. Qf6 Rxc4 29. Qxe6+ Kf8 30. Bxc4 1-0

[Event "EU-ch Online U2300 Qual"]
[Site "Chess.com INT"]
[Date "2020.05.25"]
[Round "4"]
[White "Aliakbarov, Anar Samir Oglu"]
[Black "Papakonstantinou, Dimitrios"]
[Result "0-1"]
[WhiteElo "2219"]
[BlackElo "2250"]
[PlyCount "152"]
[EventDate "2020.05.25"]
[EventType "swiss"]
[EventRounds "8"]
[EventCountry "NET"]
[SourceTitle "EXT 2021"]
[Source "ChessBase"]
[SourceDate "2020.10.23"]
[SourceVersion "1"]
[SourceVersionDate "2020.10.23"]
[SourceQuality "1"]

1. d4 Nf6 2. c4 g6 3. Nc3 Bg7 4. e4 d6 5. Nf3 0-0 6. Be2 e5 7. 0-0 Nc6 8. d5 Ne7 9. Ne1 Nd7 10. Nd3 f5 11. Bd2 c6 12. b4 Nf6 13. f3 cxd5 14. cxd5 Bd7 15. a4 a6 16. a5 Rc8 17. Nf2 Nh5 18. Na4 Bxa4 19. Qxa4 Nf4 20. Rfe1 Nxe2+ 21. Rxe2 Rc4 22. Rc1 Qc7 23. Ree1 fxe4 24. Qb3 Rxc1 25. Rxc1 Qd7 26. Nxe4 Nf5 27. Qc4 Nd4 28. Be3 Nb5 29. Ng5 Bh6 30. Qh4 Bxg5 31. Qxg5 Qf7 32. Rd1 Nc3 33. Rd3 Nxd5 34. Bd2 Qe6 35. h4 Nf6 36. Bc3 Rc8 37. Qd2 Rc6 38. Qe1 Qc4 39. Qd1 Nh5 40. Be1 Qe6 41. Bd2 Ng3 42. Qe1 Qc4 43. Qe3 Qxh4 44. Qh6 Qxh6 45. Bxh6 Nf5 46. Bd2 Kf7 47. g4 Nd4 48. Kg2 Nb5 49. Kg3 Ke6 50. Kh4 d5 51. Kg5 Rc2 52. Kh6 Rc7 53. Bg5 Rf7 54. Rd1 d4 55. Rd3 Kd5 56. Rd1 Nc3 57. Rd3 Kc4 58. Rd2 d3 59. Be3 Nd5 60. Bc5 Kc3 61. Rd1 d2 62. Bd6 Kc2 63. Rxd2+ Kxd2 64. Bxe5 Nxb4 65. Bg7 Rxf3 66. Kxh7 Rg3 67. g5 Nc6 68. Kxg6 Nxa5 69. Bf8 Nc6 70. Bd6 Rg2 71. Kf6 b5 72. g6 b4 73. Bf4+ Kd3 74. g7 Nd4 75. Bg5 Rxg5 76. Kxg5 Ne6+ 0-1

[Event "EU-ch Online U2300 Qual"]
[Site "Chess.com INT"]
[Date "2020.05.25"]
[Round "3"]
[White "Ozenir, Ekin Baris"]
[Black "Aliakbarov, Anar Samir Oglu"]
[Result "1/2-1/2"]
[WhiteElo "2309"]
[BlackElo "2219"]
[PlyCount "138"]
[EventDate "2020.05.25"]
[EventType "swiss"]
[EventRounds "8"]
[EventCountry "NET"]
[SourceTitle "EXT 2021"]
[Source "ChessBase"]
[SourceDate "2020.10.23"]
[SourceVersion "1"]
[SourceVersionDate "2020.10.23"]
[SourceQuality "1"]

1. d4 d5 2. c4 e6 3. Nc3 Nf6 4. cxd5 exd5 5. Bg5 Bb4 6. e3 Nbd7 7. Bd3 h6 8. Bh4 0-0 9. Nge2 Re8 10. 0-0 c6 11. a3 Bd6 12. Bg3 Bxg3 13. Nxg3 b6 14. b4 a5 15. b5 c5 16. dxc5 Nxc5 17. Na4 Bg4 18. Be2 Bxe2 19. Nxe2 Nxa4 20. Qxa4 Ne4 21. Rad1 Qd7 22. Qb3 Rad8 23. Nf4 Re5 24. Rd4 Nc5 25. Qb1 Ne6 26. Nxe6 fxe6 27. Rc1 Rc8 28. a4 Rf5 29. Rd2 Rff8 30. Rdc2 Rxc2 31. Qxc2 Rb8 32. Qc7 Qxc7 33. Rxc7 d4 34. exd4 Rd8 35. Rc4 e5 36. Kf1 exd4 37. Ke2 d3+ 38. Kd2 Kf7 39. Rc7+ Kf8 40. Rc6 Rd4 41. Rxb6 Rxa4 42. Kxd3 Rb4 43. Kc3 Rb1 44. Rb8+ Kf7 45. b6 a4 46. Ra8 Rxb6 47. Rxa4 Rd6 48. Rd4 Rc6+ 49. Kd3 Ra6 50. Ke3 Ra3+ 51. Rd3 Ra2 52. g4 Ra4 53. h3 h5 54. f4 hxg4 55. hxg4 g6 56. Kf3 Kf6 57. Rd6+ Kf7 58. g5 Ra1 59. Rf6+ Kg7 60. Rb6 Ra7 61. Ke4 Re7+ 62. Kd5 Rf7 63. Ke5 Rf5+ 64. Ke4 Rf7 65. Re6 Ra7 66. Rd6 Re7+ 67. Kd5 Rf7 68. Ke5 Rf5+ 69. Ke4 Rf7 1/2-1/2

[Event "Istanbul op"]
[Site "Istanbul"]
[Date "2019.08.28"]
[Round "4"]
[White "Yarar, Muammer Atakan"]
[Black "Aliakbarov, Anar Samir Oglu"]
[Result "1-0"]
[WhiteElo "1779"]
[BlackElo "2265"]
[PlyCount "69"]
[EventDate "2019.08.26"]
[EventType "swiss"]
[EventRounds "9"]
[EventCountry "TUR"]
[SourceTitle "EXT 2020"]
[Source "ChessBase"]
[SourceDate "2019.10.17"]
[SourceVersion "1"]
[SourceVersionDate "2019.10.17"]
[SourceQuality "1"]

1. d4 Nf6 2. c4 g6 3. Nc3 Bg7 4. e4 d6 5. Be2 0-0 6. Nf3 e5 7. Be3 Nc6 8. 0-0 Ng4 9. Bg5 f6 10. Bh4 g5 11. Bg3 Nh6 12. dxe5 fxe5 13. Nd5 g4 14. Bh4 gxf3 15. Bxd8 fxe2 16. Qxe2 Rxd8 17. Nxc7 Nd4 18. Qd3 Rb8 19. a4 Nf7 20. b4 Be6 21. Nxe6 Nxe6 22. g3 Nd4 23. f4 exf4 24. gxf4 Kh8 25. Kh1 Rg8 26. Rg1 Bf6 27. Rxg8+ Rxg8 28. Rg1 Rxg1+ 29. Kxg1 Nd8 30. e5 dxe5 31. fxe5 Bxe5 32. Qe4 Bf6 33. a5 N4c6 34. Qe8+ Kg7 35. Qd7+ 1-0